| 000 | 01141nam2a2200265 4500 | ||
|---|---|---|---|
| 001 | RU\NLR\BIBL_A\010843619 | ||
| 005 | 20260406121624.0 | ||
| 010 |
_a978-5-699-74226-4 _93000 |
||
| 021 |
_aRU _b15-57782 |
||
| 035 | _a(NLR Aleph) 010843619 | ||
| 090 |
_a10338539 _c10338539 |
||
| 100 | _a20150917d2015 |||y0rusy50 ca | ||
| 101 | 0 | _arus | |
| 102 | _aRU | ||
| 105 | _aa|||z|||000ay | ||
| 200 | 1 |
_aДолг оборотня _aТвой личный кошмар _aДерево душ _e[повести] _fЕлена Арсеньева |
|
| 210 |
_d2015 _aБ. м. |
||
| 215 |
_a457, [2] с. _cил. |
||
| 333 | _a12+ | ||
| 461 | 0 |
_1001RU\NLR\bibl\1283621 _12001#$aБольшая книга ужасов$e[для среднего школьного возраста]$v63 _9429177 _cМосква _d2008 _nЭксмо _o[для среднего школьного возраста] _tБольшая книга ужасов _v63 |
|
| 701 | 1 |
_8rus _7ca _aАрсеньева _bЕ. А. _cписатель _f1952- _gЕлена Арсеньевна _3RU\NLR\AUTH\77572 _9110618 |
|
| 942 | _cBOOK | ||
| 980 | _aNB | ||